000
00254nam a22001217a 4500
008
190201b xxu||||| |||| 00| 0 eng d
041
_a
eng
080
_a
941
100
_a
16
101
_a
HIS
245
_a
Africa to 1875
_c
Hallett, R
942
_2
udc
_c
BK
999
_c
53899
_d
53899